[Event "Olympiad-31"]
[Site "Moscow"]
[Date "1994.12.11"]
[Round "10.2"]
[White "Salman, Mohammad"]
[Black "Mamombe, Kudzanai"]
[Result "1-0"]
[WhiteElo "2165"]
[BlackElo "2120"]
[PlyCount "71"]
[EventDate "1994.12.01"]
[EventType "team-swiss"]
[EventRounds "14"]
[EventCountry "RUS"]
[SourceTitle "CBM 045"]
[Source "ChessBase"]
[SourceDate "1995.04.01"]
[SourceVersion "1"]
[SourceVersionDate "1995.04.01"]
[SourceQuality "1"]
[WhiteTeam "Jordan"]
[BlackTeam "Zimbabwe"]
[WhiteTeamCountry "JOR"]
[BlackTeamCountry "ZIM"]

1. e4 c5 2. Nf3 d6 3. d4 cxd4 4. Nxd4 Nf6 5. Nc3 a6 6. Bg5 e6 7. f4 Be7 8. Qf3 Qc7 9. 0-0-0 Nbd7 10. g4 b5 11. Bxf6 gxf6 12. f5 Ne5 13. Qh3 Bd7 14. Rg1 b4 15. Nce2 Nc6 16. fxe6 fxe6 17. Qh5+ Kd8 18. Nxc6+ Qxc6 19. Qa5+ Qc7 20. Qxb4 Rb8 21. Qd2 e5 22. Rg3 Be6 23. Nc3 Qc6 24. h3 h5 25. Be2 h4 26. Rd3 Kc7 27. Nd5+ Bxd5 28. Rxd5 Kd8 29. Bd3 Rb7 30. Ra5 Qb6 31. c3 Bf8 32. Kc2 Ke7 33. Rb1 Bh6 34. Qe2 Rc8 35. Ra3 Ra8 36. Bc4 1-0

[Event "Olympiad-31"]
[Site "Moscow"]
[Date "1994.12.04"]
[Round "4.3"]
[White "Akintola, Fola"]
[Black "Salman, Mohammad"]
[Result "1-0"]
[WhiteElo "2340"]
[BlackElo "2165"]
[PlyCount "73"]
[EventDate "1994.12.01"]
[EventType "team-swiss"]
[EventRounds "14"]
[EventCountry "RUS"]
[SourceTitle "CBM 045"]
[Source "ChessBase"]
[SourceDate "1995.04.01"]
[SourceVersion "1"]
[SourceVersionDate "1995.04.01"]
[SourceQuality "1"]
[WhiteTeam "Nigeria"]
[BlackTeam "Jordan"]
[WhiteTeamCountry "NGR"]
[BlackTeamCountry "JOR"]

1. e4 c5 2. Nf3 d6 3. d4 cxd4 4. Nxd4 Nf6 5. Nc3 a6 6. Bc4 e6 7. Bb3 Be7 8. f4 0-0 9. 0-0 Nbd7 10. f5 Nc5 11. Qf3 Nxb3 12. axb3 e5 13. Nde2 b5 14. g4 b4 15. g5 Ne8 16. Nd5 Bxg5 17. Bxg5 Qxg5+ 18. Kh1 Nf6 19. Nxb4 a5 20. Nd5 Nxd5 21. exd5 Qd2 22. Ng3 Bb7 23. c4 f6 24. Ne4 Qb4 25. Ra4 Qb6 26. Rg1 Rf7 27. Qc3 Bc8 28. Qf3 Bd7 29. Ra3 Be8 30. Qg4 Qd8 31. b4 a4 32. Rh3 Kh8 33. Qg6 h6 34. Rxh6+ Kg8 35. Qh7+ Kf8 36. Qh8+ Ke7 37. Rxg7 1-0